000 00422nam a2200157Ia 4500
008 231217s9999 xx 000 0 und d
020 _a8120311361
041 _aEnglish
082 _a001.539 KLI1;2 R
100 _aKlir, George J Yuan, Bo
245 0 _aFuzzy sets and fuzzy logic: Theory and applications
260 _c1995
_bPHI
_aNew Delhi
300 _axv+574
650 _aFuzzy sets Fuzzy logic
942 _cAA
999 _c178191
_d178191